000 00439pab a2200169 454500
008 180718b1956 xxu||||| |||| 00| 0 eng d
100 _aBapat, S.B.
245 _aPublic service commissions: An Indian approach
260 _c1956
300 _ap.54-59.
362 _aJan-Mar
650 _aPublic service
650 _aCivil service commission
773 _aIndian Journal of Public Administration
908 _aN
909 _a100644
999 _c100643
_d100643